| 000 | 00476nam a22001697a 4500 | ||
|---|---|---|---|
| 005 | 20251108170925.0 | ||
| 008 | 250721s1986 xx 000 0 ara d | ||
| 082 | 1 | 4 | _a616.8/توت |
| 245 | 1 | 0 | _aالتنوتر العصبي / |
| 264 | 1 |
_aطرابلس ( لبنان ) : _bمؤسسة مصري للتوزيع، _c1986. |
|
| 300 | _a191ص | ||
| 490 | 0 | _aطبيب يتحدث عن | |
| 650 | 1 | 7 | _aالأعصاب |
| 650 | 1 | 7 | _aالأمراض |
| 942 |
_2ddc _cBK |
||
| 999 |
_c52250 _d52250 |
||